| Tag |
First Indicator |
Second Indicator |
Subfields |
| LEADER |
00000cam a2200000 i 4500 |
| 001 |
in00000036399 |
| 005 |
20151007060842.0 |
| 008 |
770907s1942 nyua j 00010 eng d |
| 010 |
|
|
|a 42015972
|
| 035 |
|
|
|a (OCoLC)03246478
|
| 035 |
|
|
|9 AAD0388AM
|
| 040 |
|
|
|a NIE
|c NIE
|d TXA
|d UtOrBLW
|
| 049 |
|
|
|a TXAM
|c [116258]
|
| 050 |
|
0 |
|a QP37
|b .B883
|
| 092 |
|
|
|a 613
|b B884c
|
| 100 |
1 |
|
|a Brownell, Clifford Lee,
|d 1895-
|
| 245 |
1 |
0 |
|a Clean and strong /
|c by Clifford Lee Brownell ... and Jesse Feiring Williams ... Illustrations by Priscilla Pointer and Jean Morse.
|
| 264 |
|
1 |
|a New York,
|a Cincinnati [etc.] :
|b American book company,
|c [1942]
|
| 300 |
|
|
|a 180 pages :
|b illustrations (part color) ;
|c 21 cm.
|
| 336 |
|
|
|a text
|b txt
|2 rdacontent
|
| 337 |
|
|
|a unmediated
|b n
|2 rdamedia
|
| 338 |
|
|
|a volume
|b nc
|2 rdacarrier
|
| 490 |
1 |
|
|a Health of our nation ;
|v book 2
|
| 650 |
|
0 |
|a Hygiene
|v Juvenile literature.
|
| 700 |
1 |
|
|a Williams, Jesse Feiring,
|d 1886-
|
| 830 |
|
0 |
|a Health of our nation ;
|v book 2.
|
| 999 |
|
|
|a MARS
|
| 999 |
f |
f |
|s 256283dc-9af8-3693-a29a-38b8f9c0b053
|i c6943d9a-7d62-3f97-8910-62a45963e595
|t 0
|
| 952 |
f |
f |
|p ric
|a Texas A&M University
|b Rellis Campus
|c Joint Library Facility
|d Remote Storage
|t 0
|e QP37 .B883
|h Library of Congress classification
|i unmediated -- volume
|m A14801028074
|
| 998 |
f |
f |
|a QP37 .B883
|t 0
|l Remote Storage
|